000 01443nam a22003257i 4500
999 _c169843
_d169843
003 PPAK
005 20181014154025.0
007 ta
008 181014t2018 my a|||c |||| 00| 1beng d
020 _a9781496548214
_cRM113.60
_qhardback
040 _aPPAK
_beng
_cPPAK
_erda
082 0 4 _223
_a823
090 0 0 _a823
_bCOL
_dK
100 1 _aCollins A.L.
_d1964-
_eauthor.
245 1 0 _aTHARSIS CITY :
_bTHE WONDER OF MARS /
_cBY A.L. COLLINS ; ILLUSTRATED BY TOMISLAV TIKULIN
264 1 _aNorth Mankato, Minnesota :
_bStone Arch Books, a Capstone imprint,
_c [2018?]
264 4 _c© 2018
300 _a122 pages :
_bcolour illustrations ;
_c20 cm
336 _2rdacontent
_atext
337 _2rdamedia
_aunmediated
338 _2rdacarrier
_avolume
490 1 _aSCI-FINITY REDWORLD
520 _aNow in seventh grade Belle Song has settled into her life on Mars; she has a new baby sister, her android Melody, her wolfdog Raider, and her friends, the human Lucas, and the Nabian, Taal--but when she and Taal uncover some ancient ruins which the Nabians claim are a sacred site, Belle finds herself plunged into a tricky world of extraterrestrial politics and religion that threatens her relationship with Taal.
521 _a Elementary and junior high school
650 1 0 _aChildren's stories, English
650 2 0 _aEnglish fiction
700 _aTikulin, Tomislav,
_eillustrator.
830 0 _aSci-finity Redworld
942 _2ddc
_cB